| 000 | 01212nam a2200241 4500 | ||
|---|---|---|---|
| 003 | OSt | ||
| 005 | 20231101081211.0 | ||
| 008 | 231101b |||||||| |||| 00| 0 eng d | ||
| 040 | _cLadoV | ||
| 082 |
_a700 _bE74h |
||
| 110 |
_aGrupo Escombros _91165 _eautor |
||
| 245 | _aHomenaje a la tierra/ | ||
| 260 |
_aLa Plata _bCentro Cultural Islas Maldivas _c1995 |
||
| 300 | _bcompilado de varias obras y materiales | ||
| 505 |
_tCréditos _tEl porqué de Mesótica _rVirginia Pérez-Ratton _tProblemas abstractos _rCarlos Basualdo _tErnesto Ballesteros _tSigfredo Chacón _tAntonio Dias _tLydia Dona _tDanilo Dueñas _tEugenio Espinoza _tCristina Ghetti _tPeter Halley _tJonathan Lasker _tFabian Marcaccio _tDavid Reed _tMiguel Angel Rios _tCarlos Salas _tDaniel Scheimberg _tPablo Siquier _tDatos biográficos _tObras expuestas _tIndice |
||
| 650 |
_2Tesauro de Arte & Arquitectura _aARTE |
||
| 650 |
_2Tesauro de Arte & Arquitectura _aCOMPILADO |
||
| 650 |
_2Tesauro de Arte & Arquitectura _aLITERATURA |
||
| 650 |
_2Tesauro de Arte & Arquitectura _aSOCIAL |
||
| 650 |
_2Tesauro de Arte & Arquitectura _aSOLIDARIDAD |
||
| 700 |
_aBasualdo, Carlos _95785 |
||
| 942 |
_2ddc _c1 _h700 _iE74h _n1 |
||
| 999 |
_c4496 _d4496 |
||